| 000 | 00371pab a2200145 454500 | ||
|---|---|---|---|
| 008 | 180718b2005 xxu||||| |||| 00| 0 eng d | ||
| 100 | _aPathak, R.C. | ||
| 245 | _aPower of full engagement for passionate organizations | ||
| 260 | _c2005 | ||
| 300 | _ap.87-96. | ||
| 650 | _aOrganizations | ||
| 700 | _aSinha, Neena | ||
| 773 | _aManagement and Change | ||
| 909 | _a70780 | ||
| 999 |
_c70780 _d70780 |
||